Personnel management (Record no. 81822)

MARC details
000 -LEADER
fixed length control field 00653nam a2200157 a 4500
008 - FIXED-LENGTH DATA ELEMENTS--GENERAL INFORMATION
fixed length control field 120416s1974 ||||||||||||||||| || u
020 ## - INTERNATIONAL STANDARD BOOK NUMBER
International Standard Book Number 090182223x
050 ## - LIBRARY OF CONGRESS CALL NUMBER
Classification number HF 5549.5 Dow
100 ## - MAIN ENTRY--PERSONAL NAME
Personal name Downham, M. J
245 10 - TITLE STATEMENT
Title Personnel management
260 ## - PUBLICATION, DISTRIBUTION, ETC.
Place of publication, distribution, etc. Berkshire
Name of publisher, distributor, etc. The Institute of Building
Date of publication, distribution, etc. 1974
300 ## - PHYSICAL DESCRIPTION
Extent 65p. : ill.
350 ## -
-- 0.00
995 ## -
-- MAIN LIBRARY OPEN ACCESS
-- 0.00
-- 006396
-- CBU-MAIN LIBRARY (Kitwe)
-- 2
-- 5.70
-- HF 5549.5 Dow
-- AVAILABLE
-- 006396
-- Main Library Open Access Collection
995 ## -
-- BINDERY (DAMAGED)
-- 0.00
-- 711173
-- CBU-MAIN LIBRARY (Kitwe)
-- 1
-- 5.70
-- HF 5549.5 Dow
-- DAMAGED
-- 006395
-- Main Library Open Access Collection
999 ## -
-- 81822
-- 81822
Holdings
Withdrawn status Lost status Source of classification or shelving scheme Damaged status Not for loan Permanent Location Current Location Shelving location Date acquired Total Checkouts Full call number Barcode Date last seen Copy number Price effective from Koha item type
          CBU-MAIN LIBRARY, KITWE. CBU-MAIN LIBRARY, KITWE.   09/12/2023   HF 5549.5 Dow 006396 09/12/2023 1 09/12/2023 MONOGRAPH
          CBU-MAIN LIBRARY, KITWE. CBU-MAIN LIBRARY, KITWE.   09/12/2023   HF 5549.5 Dow 006395 09/12/2023 2 09/12/2023 MONOGRAPH